00255nam a2200109Ia 4500008004100000100001800041245002800059260002000087260000900107546001200116999001700128170619s9999 xx 000 0 und d aChopra- Sunil 0aSupply chain management bNew Delhi P H I c2003 aENGLISH c21975d21975